000 00385 a2200145 4500
005 20241014114439.0
008 241014b |||||||| |||| 00| 0 eng d
020 _a9781948765107
082 _a720.22/BAN
100 _aBang E M
_9208605
245 _aPlatform 11 Setting The Table
260 _bHarvard University Graduate School Of Design
_c218
300 _a363p
_bPB
942 _cBK
999 _c359842
_d359842